Statistiques concernant Trouver le modèle du véhicule - années 80

Cliquez ici pour prendre le quiz!

Statistiques générales

  • Ce quiz a été pris 13 fois
  • Le résultat moyen est 4 sur 8

Statistiques - réponses

Réponse% Correct
Testarossa
83%
DeLorean
75%
M3
67%
Quattro
58%
959
33%
205 Turbo 16
17%
5 Turbo
17%
Stradale
8%

Distribution des résultats

Percentile par nombre de réponses

% des personnes avec chaque résultat

Votre développement - résultats

Vous n’avez pas pris ce quiz